000
00310nam a2200121Ia 4500
008
220803s9999 xx 000 0 und d
041
_a
eng
082
_a
720.47 PAT
100
_a
Patel Meghna
_9
29887
245
_a
Post Earthquake Scenario In The Real Estate Market
260
_b
Ahmedabad
_c
2011
300
_a
96p
999
_c
18733
_d
18733